00594 2200169 4500245006900000020002200069100002900091700001900120650003000139005001900169260003700188041001400225084001200239300002200251500014200273336000900415 aUlysses Moore b : Penjaga BatucBaccalario, PierdomenicohText a978-602-252-009-2 aBaccalario, Pierdomenico aSarah Pakpahan aCerita petualangan Italia a20231012103612 aJakartabErlangga for Kidsc2006 aIndonesia a873.087 a267 hlm. :cillus aJika kamu ingin berangkat,kawan,kamu harus memberanikan hati dengan sedikit pasir dan sedikit angin serta banyak teman setidaknya seratus atext